BSOP header

Christian perspectives on economics : (Record no. 48063)

MARC details
000 -LEADER
fixed length control field 00950nam a2200253Ia 4500
001 - CONTROL NUMBER
control field 22250767
003 - CONTROL NUMBER IDENTIFIER
control field OCoLC
005 - DATE AND TIME OF LATEST TRANSACTION
control field 20190919092122.0
008 - FIXED-LENGTH DATA ELEMENTS--GENERAL INFORMATION
fixed length control field 900821s1989 vaum a 0 0 eng d
040 ## - CATALOGING SOURCE
Original cataloging agency STO
Transcribing agency STO
Modifying agency EEI
049 ## - LOCAL HOLDINGS (OCLC)
Holding library EEIM
245 00 - TITLE STATEMENT
Title Christian perspectives on economics :
Remainder of title a conference co-sponsored by the Center for Business and Government, Liberty University and CEBA, the Contemporary Economics & Business Association, April 7, 1989 /
Statement of responsibility, etc edited by Robert N. Mateer.
260 ## - PUBLICATION, DISTRIBUTION, ETC. (IMPRINT)
Place of publication, distribution, etc Lynchburg, VA :
Name of publisher, distributor, etc Contemporary Economics and Business Association,
Date of publication, distribution, etc 1989.
300 ## - PHYSICAL DESCRIPTION
Extent xii, 151 p. ;
Dimensions 23 cm.
336 ## - CONTENT TYPE
Content Type Term text
337 ## - MEDIA TYPE
Media Type Term unmediated
338 ## - CARRIER TYPE
Carrier Type Term volume
500 ## - GENERAL NOTE
General note Includes bibliographical references.
650 #0 - SUBJECT ADDED ENTRY--TOPICAL TERM
Topical term or geographic name as entry element Economics
General subdivision Religious aspects
-- Christianity.
650 #0 - SUBJECT ADDED ENTRY--TOPICAL TERM
Topical term or geographic name as entry element Christianity and economics.
650 #0 - SUBJECT ADDED ENTRY--TOPICAL TERM
Topical term or geographic name as entry element Economics
Form subdivision Addresses, essays, lectures, etc.
700 1# - ADDED ENTRY--PERSONAL NAME
Personal name Mateer, Robert N.
942 ## - ADDED ENTRY ELEMENTS (KOHA)
Source of classification or shelving scheme Library of Congress Classification
Item type Books
Holdings
Withdrawn status Lost status Source of classification or shelving scheme Damaged status Not for loan Home library Current library Shelving location Date acquired Inventory number Total Checkouts Full call number Barcode Date last seen Price effective from Koha item type
    Library of Congress Classification     BSOP Library BSOP Library GC 09/19/2019 13022   BR115.E3 C46 00018903 09/19/2019 09/19/2019 Books
BSOP

Biblical Seminary of the Philippines
  All rights Reserved
  © 2024

CONTACT INFORMATION

Biblical Seminary of the Philippines,
  77-B Karuhatan Road, Valenzuela City,
  PHILIPPINES 1441
  Phone: +632 8292-6795 / 8292-6798
  Fax : +632 8292-6675
  Email: library@bsop.edu.ph